Loading...
Science - Other Science | 0 | 5 | 0 | 1 | 50 | 24 | 72.20 | 1 | 3 |
Philosophy | 0 | 5 | 0 | 2 | 50 | 131 | 137.60 | 0 | 0 |
Geography | 0 | 3 | 0 | 1 | 30 | 108 | 131.00 | 0 | 0 |
History - American History | 0 | 4 | 2 | 1 | 30 | 103 | 116.50 | 0 | 1 |
Social Science | 0 | 3 | 1 | 0 | 25 | 96 | 109.00 | 0 | 0 |
Science - Physics | 0 | 5 | 5 | 0 | 25 | 45 | 111.00 | 1 | 1 |
History - Other History | 0 | 2 | 0 | 1 | 20 | 109 | 126.00 | 0 | 0 |
History - World History | 0 | 3 | 2 | 0 | 20 | 106 | 122.00 | 0 | 0 |
Science - Biology | 0 | 1 | 0 | 1 | 10 | 125 | 125.00 | 0 | 0 |
Fine Arts - Painting & Sculpture | 0 | 1 | 0 | 1 | 10 | 173 | 173.00 | 0 | 0 |
Religion | 0 | 2 | 2 | 1 | 10 | 107 | 125.00 | 0 | 0 |
Literature - American Literature | 0 | 1 | 1 | 0 | 5 | 97 | 97.00 | 0 | 0 |
Fine Arts - Classical Music | 0 | 1 | 1 | 0 | 5 | 135 | 135.00 | 0 | 0 |
Fine Arts - Other Fine Arts | 0 | 1 | 1 | 0 | 5 | 92 | 92.00 | 0 | 0 |
History - European History | 0 | 1 | 1 | 0 | 5 | 83 | 83.00 | 0 | 0 |
Literature - World Literature | 0 | 1 | 1 | 0 | 5 | 135 | 135.00 | 0 | 0 |
Science - Chemistry | 0 | 1 | 2 | 0 | 0 | 92 | 92.00 | 0 | 0 |
Current Events | 0 | 0 | 0 | 0 | 0 | 0.00 | 0 | 0 | |
Other Academic | 0 | 0 | 1 | 0 | -5 | 0.00 | 0 | 0 |